000 01004nam a2200277 a 4500
001 41967
003 BD-RjUL
005 20211209053457.0
008 160608m19681970ii b 001 0 eng d
035 _a(BD-RjUL)42085
040 _aDLC
_cDLC
_dBD-RjUL
_beng
041 _aeng
082 _a329.00954
_219
_bFOU 1970
245 0 0 _aFourth general election in India /
_ceditors, S.P. Varma, Iqbal Narain ; associate editors, C.P. Bhambhri ... [et al.].
260 _aBombay :
_bOrient Longmans,
_c1968-1970.
300 _a2 v. ;
_c25 cm
500 _a"Originally formed a special number of the Political science review."
504 _aBibliographical footnotes
505 0 _av. 1. Political surveys.--v. 2. Fourth general election and political development in India
650 0 _aElections
_zIndia
_9128381
700 1 _aVarma, S. P.
_q(Shanti Prasad),
_d1910-
_9128991
700 1 _aNarain, Iqbal.
_9128992
700 1 _aBhambhri, Chandra Prakash.
_9128993
942 _2ddc
_cBK
999 _c41967
_d41967